• 首页
  • 本馆介绍
  • 公告通知
  • 最新文献
  • 馆藏检索
  • 电子资源
  • 读者导购
  • 参考咨询
  • 我的图书馆
  • 登录
  • 详细信息显示
  • 放入我的书架
  • 预约/预借图书
  • 作者相关作品
  • 分类相关作品
  • 丛书相关作品
  • 出版社相关作品

书目信息

  • 表格格式
  • 工作单格式
  • 卡片格式
书名: american petroleum institute research project 44
作者: constance w.haas.
分册号:
分册名:
出版地: TEXAS :
 
出版社: thermodynamics research center
出版时间: 1977.
页数:
开本: 26cm.
丛书名:
中图分类号:
科图分类号:
其他分类号: O434.33:H31
主题词:
电子资源:
000 00432nam 2200133 a 4500
001 E0739439146
005 20070303111245.04
008 070303s1977 00010 eng
040    @aPFT@beng
090    @aO434.33:H31
099    @dO434.33:H31@ex34
245    @aamerican petroleum institute research project 44@6selected infrared spectral data.@nv. 1 / @cconstance w.haas.
260    @aTEXAS :@bthermodynamics research center,@c1977.
300    @c26cm.
    
    american petroleum institute research project 44. v. 1 / / constance w.haas.-TEXAS : : thermodynamics research center, , 1977.
    26cm.
    
    
    ISBN
    
●
相关链接 在E读中查询图书 在五车中查询图书 在当当中查询图书 在豆瓣中查询图书


正题名:american petroleum institute research project 44     索取号:O434.33:H31/x34         预约/预借

序号 登录号 条形码 馆藏地/架位号 状态 备注
1 122350   202461950   第四借阅区/ [索取号:O434.33:H31/x34] 在馆    
2 122351   202461941   第四借阅区/ [索取号:O434.33:H31/x34] 在馆    
3 122352   202461932   第四借阅区/ [索取号:O434.33:H31/x34] 在馆    
4 122353   202461923   第四借阅区/ [索取号:O434.33:H31/x34] 在馆    
5 122354   202461914   第四借阅区/ [索取号:O434.33:H31/x34] 在馆    
唐山师范学院图书馆 欢迎您!
大连网信软件有限公司© 版权所有